000 00815 a2200217 4500
005 20080826171358.0
008 080826t xxu||||| |||| 00| 0 eng d
010 _aENG-87235
020 _a9788184500060
_c1180.00
035 _aEN-70768
037 _bDBAD / PUB
082 _a344.5201
100 _aKagawa, Kozo
245 _aJapanese labour laws
_cby Kozo Kagawa
_bcase studies and comments
260 _aNew Delhi
_bDeep & Deep Publications
_c2007
270 _aF-159, Rajouri Garden
_bNew Delhi
_e110 027
300 _axvi, 406p.
_c22cm (Hb )
500 _aIncludes index
942 _adpl
_cEN
_k344.5201 / KAG
_2ddc
_h344.5201
_mKAG
999 _c6256
_d6256